Varahamihira. (Record no. 91411)

MARC details
000 -LEADER
fixed length control field 00577nam a2200205Ia 4500
003 - CONTROL NUMBER IDENTIFIER
control field OSt
005 - DATE AND TIME OF LATEST TRANSACTION
control field 20260427120432.0
008 - FIXED-LENGTH DATA ELEMENTS--GENERAL INFORMATION
fixed length control field 210210b1988 xxu||||| |||| 00| 0 eng d
040 ## - CATALOGING SOURCE
Transcribing agency AL
041 ## - LANGUAGE CODE
Language code of text/sound track or separate title Kannada
082 ## - DEWEY DECIMAL CLASSIFICATION NUMBER
Classification number 520.92K NARV
100 ## - MAIN ENTRY--PERSONAL NAME
Personal name NARASIMHAMURTI (N K).
Dates associated with a name ನರಸಿಂಹಮೂರ್ತಿ (ಎನ್ ಕೆ)
9 (RLIN) 262852
245 ## - TITLE STATEMENT
Title Varahamihira.
Remainder of title ವರಾಹಮಿಹಿರ.
260 ## - PUBLICATION, DISTRIBUTION, ETC.
Place of publication, distribution, etc. Bangalore
Name of publisher, distributor, etc. Vijnana parishattu
Date of publication, distribution, etc. 1988
300 ## - PHYSICAL DESCRIPTION
Extent 51
650 ## - SUBJECT ADDED ENTRY--TOPICAL TERM
Topical term or geographic name entry element Varaha mihira
9 (RLIN) 262853
690 ## - LOCAL SUBJECT ADDED ENTRY--TOPICAL TERM (OCLC, RLIN)
Topical term or geographic name as entry element Biography
9 (RLIN) 262854
906 ## - LOCAL DATA ELEMENT F, LDF (RLIN)
a 041987
942 ## - ADDED ENTRY ELEMENTS (KOHA)
Source of classification or shelving scheme Dewey Decimal Classification
Koha item type Book
Holdings
Withdrawn status Lost status Source of classification or shelving scheme Damaged status Not for loan Collection code Home library Current library Date acquired Cost, normal purchase price Total Checkouts Full call number Barcode Date last seen Price effective from Koha item type
    Dewey Decimal Classification     Physics St Aloysius Library St Aloysius Library 02/17/2021 3.00   520.92K NARV 041987 02/17/2021 02/17/2021 Book